000 00569nam a22001937a 4500
005 20130506143734.0
010 _aENG-106979
020 _a9780198089650
_c595.00
020 _a0198089651
_c595.00
035 _aEN-90512
037 _bDBAD/PUB
100 _aNandy, Ashis
245 1 0 _aRegimes of narcissism, regimes of despair /
_cby Ashis Nandy
260 _aNew Delhi
_bOxford University Press
_c2013
270 _aYMCA Library Building, 1 Jai Singh Road
_bNew Delhi
_e110001
300 _axviii,198p.
_c22cm(Hb)
500 _aIncludes index
942 _2ddc
_cEN
_mNAN
999 _c75107
_d75107